000
00230 a2200097 4500
001
12974
100
_a
Wallace,R
245
_a
International Human Rights Text and Meterials
260
_a
_b
Sweet & Maxwell
_c
090
_c
9972
_d
9972
942
_a
NUST-CAE
_c
M
_c
36902
999
_c
248047
_d
248047